| 000 | 00469nam a22001337a 4500 | ||
|---|---|---|---|
| 008 | 140221b xxu||||| |||| 00| 0 eng d | ||
| 050 | _aPR9390.6.L219 | ||
| 100 |
_aLambada, Robson I.S. _98853 |
||
| 245 |
_aAll Protocol Observed _bZimbabwe poets for human rights _cRobson I.S. lambada |
||
| 260 |
_aNewent, UK _bDiaspora Publishers, UK _c2013 |
||
| 300 |
_a86p. ; _c21cm. |
||
| 650 |
_aZimbabwe poetry _xcollections _xcivil rights _zZimbabwe _98854 |
||
| 942 |
_2lcc _cMONOGRAPH |
||
| 999 |
_c120132 _d120132 |
||